Musician Movie Debuts Quiz Stats

 Plays Quiz Updated Jan 26, 2019

Support Sporcle.
Go Orange.
Score 0/30 Timer 07:00
0 Plays Today
Movie Musician % Correct
8 MileEminem
90.4%
Purple RainPrince
85.2%
The BodyguardWhitney Houston
83.6%
Austin Powers in GoldmemberBeyoncé Knowles
83.2%
The Dukes of HazzardJessica Simpson
75.4%
Love Me TenderElvis Presley
70.1%
GlitterMariah Carey
68.4%
DreamgirlsJennifer Hudson
63.5%
Nine to FiveDolly Parton
59.6%
Desperately Seeking SusanMadonna
50.4%
Boyz N the HoodIce Cube
47.3%
Mad Max Beyond ThunderdomeTina Turner
41.6%
UHF'Weird Al' Yankovic
38.8%
Rocky Horror Picture ShowMeat Loaf
38.7%
2 Fast 2 FuriousLudacris
36.1%
Movie Musician % Correct
Six Degrees of SeparationWill Smith
33.2%
Poetic JusticeJanet Jackson
31.1%
JuiceTupac Shakur
28.9%
Sid and NancyCourtney Love
25.6%
Romeo Must DieAaliyah Haughton
24.8%
FearMark Wahlberg
24.4%
Lady Sings the Blues Diana Ross
19.7%
Set It OffQueen Latifah
16.8%
Memphis BelleHarry Connick Jr.
14.3%
ChastityCher
14.1%
Pure CountryGeorge Strait
12.4%
Light of DayJoan Jett
5.8%
The Leading ManJon Bon Jovi
4.9%
The AllnighterSusanna Hoffs
3%
The Last MovieKris Kristofferson
2.1%

From the Vault

Name That Game Show II

by ChrisP

If you like game shows then come on down!
Remove Ads.
Support Sporcle.
Get the best of Sporcle when you Go Orange. This ad-free experience offers more features, more stats, and more fun while also helping to support Sporcle. Thank you for becoming a member.

Show Comments

Extras

Top Quizzes Today


Score Distribution

Your Account Isn't Verified!

In order to create a playlist on Sporcle, you need to verify the email address you used during registration. Go to your Sporcle Settings to finish the process.

Report this User

Report this user for behavior that violates our Community Guidelines.

Details: